000 00458nam a2200169Ia 4500
003 GCL
008 140319s9999 xx 000 0 ara d
040 _aGCL /
_cGCL
082 0 4 _a956.61
_bس ا
100 1 _aسمير الخادم
245 1 0 _aاراء اهل مدينة بيروت الفاضلة /
_cسمير الخادم
300 _a254
490 _a100 قصة
_v0
650 0 4 _aبيروت
650 0 4 _aالمون العربية
942 _2ddc
_cBK
999 _c43752
_d43752